Govt. of
Madhya Pradesh

Normal view MARC view

Entry Personal Name

Number of records used in: 2

001 - CONTROL NUMBER

  • control field: 26650

003 - CONTROL NUMBER IDENTIFIER

  • control field: OSt

005 - DATE AND TIME OF LATEST TRANSACTION

  • control field: 20160101161307.0

008 - FIXED-LENGTH DATA ELEMENTS

  • fixed length control field: 160101|| aca||aabn | a|a d

040 ## - CATALOGING SOURCE

  • Original cataloging agency: OSt
  • Transcribing agency: OSt

100 ## - HEADING--PERSONAL NAME

  • Personal name: Dowson, John

670 ## - SOURCE DATA FOUND

  • Source citation: Work cat.: (OSt)37727: Dowson, John, A Classical Dictionay of Hindu Mythology and Religion, Geography, History and, Literature, 1953